|
|
|
|
| LEADER |
00000cam a2200000 7i4500 |
| 001 |
0000004656 |
| 005 |
20151222.0 |
| 008 |
070730 |
| 020 |
|
|
|a 9831980603
|
| 090 |
0 |
0 |
|a ECO
|b MAL
|
| 100 |
1 |
|
|a Jasiman Ahmad
|
| 245 |
1 |
0 |
|a Asas-asas negara
|c Jasiman Ahmad
|
| 260 |
|
|
|a Kuala Lumpur :
|b Jade green publication sdn.bhd ,
|c 2006
|
| 440 |
|
0 |
|a Siri Kenegaraan Malaysia
|
| 500 |
|
|
|a Children ages 10-12 years old (pink)
|
| 650 |
|
0 |
|a Malaysia
|x Constitions
|x Juvenile literature
|
| 650 |
|
0 |
|a Malaysia
|x Politics and government
|x Juvenile literature
|
| 710 |
0 |
|
|a Title
|
| 999 |
|
|
|a 0000976749
|b Book
|c Children Collection
|e Cawangan Bukit Gambir
|
| 999 |
|
|
|a 0000976750
|b Book
|c Children Collection
|e Cawangan Tangkak
|
| 999 |
|
|
|a 0000978639
|b Book
|c Children Collection
|e Cawangan Bandar Tenggara
|
| 999 |
|
|
|a 0000978640
|b Book
|c Children Collection
|e Cawangan Tmn. Ungku Tun Aminah
|
| 999 |
|
|
|a 0000978641
|b Book
|c Children Collection
|e Perbadanan Perpustakaan Awam Johor
|
| 999 |
|
|
|a 0000978642
|b Book
|c Children Collection
|e Cawangan Muar
|
| 999 |
|
|
|a 0000978643
|b Book
|c Children Collection
|e Perbadanan Perpustakaan Awam Johor
|